Focus sur: Húrin I - Tolkien - Statistiques

Statistiques générales
  • Ce quiz a été pris 9 fois
  • Le résultat moyen est 7 sur 9
Statistiques - réponses
Informations recherchées Réponses % Correct
Première mention Le Seigneur des Anneaux: Le Retour du Roi
100%
Contrée Gondor
89%
Espèce Homme
89%
Profession et titre Intendant du Gondor
89%
Cité Minas Anor
89%
Lignée (partiellement) Númenor
78%
Age durant lequel il vécut Troisième
78%
Père Belegorn
22%
Fils Túrin Ier
22%
Aucun quiz correspondant
Distribution des résultats
% des personnes avec chaque résultat
Percentile par nombre de réponses
Votre historique - résultats
Vous n’avez pas pris ce quiz